| 000 | 01466cam a2200349 a 4500 | ||
|---|---|---|---|
| 999 |
_c114938 _d114938 |
||
| 001 | 14708197 | ||
| 003 | BJBSDDR | ||
| 005 | 20230411090711.0 | ||
| 008 | 070123s2008 njua 001 0 eng | ||
| 010 | _a 2007002105 | ||
| 020 | _a9780131585249 (pbk.) | ||
| 020 | _a013158524X (pbk.) | ||
| 035 | _a(OCoLC)ocm80180431 | ||
| 035 | _a(OCoLC)80180431 | ||
| 040 |
_aDLC _cDLC _dYDX _dBAKER _dBTCTA _dYDXCP _dDLC |
||
| 050 | 0 | 0 |
_aLB 2395 _bL767c 2008 |
| 082 | 0 | 0 |
_a378.1 _222 |
| 100 | 1 |
_aLipsky, Sally A. _914312 |
|
| 245 | 1 | 0 |
_aCollege study : _bthe essential ingredients / _cSally A. Lipsky. |
| 250 | _a2nd ed. | ||
| 260 |
_aUpper Saddle River, N.J. : _bPearson/Prentice Hall, _c2008. |
||
| 300 |
_axv, 152 p. : _bill. ; _c24 cm. |
||
| 500 | _aIncludes index. | ||
| 504 | _aIncludes bibliographical references and index. | ||
| 505 | 0 | _aCreating academic success -- Managing your time -- Controlling your study environment -- Active listening and note taking -- Reading and studying textbooks -- Enhancing your memory -- Success with tests -- Continuing your academic success: a review. | |
| 650 | 0 | _aStudy skills. | |
| 650 | 0 |
_aCritical thinking _xStudy and teaching (Higher) |
|
| 856 | 4 | 1 |
_3Table of contents only _uhttp://www.loc.gov/catdir/toc/ecip079/2007002105.html |
| 906 |
_a7 _bcbc _corignew _d1 _eecip _f20 _gy-gencatlg |
||
| 942 |
_2lcc _cBK |
||